| 000 | 02521nac a22003491u 4500 | ||
|---|---|---|---|
| 008 | 100124s2007 mau||||| |||| 001 0 eng d | ||
| 010 | _a 2005033620 | ||
| 020 | _a0321364139 | ||
| 020 | _a9780321364135 | ||
| 082 | 0 | 0 |
_a005.136 _bLEV _222 |
| 100 |
_aLevitin, Anany. _910552 |
||
| 245 | 1 | 0 |
_aIntroduction to the Design & Analysis of Algorithms / _cAnany Levitin |
| 246 | 3 | 0 | _aIntroduction to the design and analysis of algorithms |
| 250 | _a2nd ed. | ||
| 260 |
_aBoston, MA : _bPearson Addison-Wesley, 2007 _c2007. |
||
| 300 |
_a562 p. : _bill. ; _c23 cm. |
||
| 504 | _aIncludes bibliography : p. 487-496 and index. | ||
| 650 | 0 |
_aComputer algorithms. _910553 |
|
| 653 |
_bCS _cNovember2011 |
||
| 856 | 4 | 1 |
_3Table of contents _uhttp://www.loc.gov/catdir/toc/ecip063/2005033620.html |
| 942 |
_cBB _k005.136 LEV _2ddc |
||
| 999 |
_c9254 _d9254 |
||